Sports Quiz

Random Sports or Country Quiz

2002 World Cup Footballer By History Quiz Stats

 Plays Quiz not verified by Sporcle

Challenge
Share
Tweet
Embed
Score 0/32 Timer 20:00
0 Plays Today
History Player % Correct
Independiente, Man Utd, Villarreal, Atletico Madrid, Inter, InternacionalDiego Forlan
88.1%
Sochaux, Rennes, Lens, Liverpool, Bolton, Sunderland, Blackburn, Rangers (Loan), Doncaster, LeedsEL Hajdi Diouf
84.6%
Olimpia, Bayern Munich, Blackburn, Man City, Blackburn (Loan), Betis (Loan), Malaga (Loan)Roque Santa Cruz
84.6%
Platense, Monaco, Juventus, Hercules, Baniyas, River PlateDavid Trezeguet
75.5%
Blaubach, Homburg, Kaiserslautern, Werder Bremen, Bayern Munich, LazioMiroslav Klose
75.5%
Seven Stars, Ajax, Celta, Porto, Blackburn, West Ham, Orlando PiratesBenni McCarthy
69.9%
Concordia, Sokoi Tychy, Feyenoord, Liverpool, Real MadridJerzy Dudek
69.2%
Aalborg, Ajax, Chelsea, Birmingham, Atletico Madrid, Stuttgart, CopenhagenJesper Gronkjaer
66.4%
Herediano, Derby, West Ham, Man City, Malaga, Al Gharafa, Herediano, Rosario Central, FC Tokyo, Chicago FirePaulo Wanchope
65%
Betis, Valencia, MalagaJoaquin
61.5%
Man Utd, SunderlandWes Brown
60.1%
Torino, Piza, Ravenna, Venezia, Atalanta, Juventus, Atletico Madrid, Lazio, Inter, Milan, Monaco, Sampdoria, Atalanta, Fiorentina, AtalantaChristian Vieri
60.1%
Sakaryaspor, Bursaspor, Galatasaray, Torino, Galatasaray, Inter Milan, Parma, Blackburn Rovers, GalatasarayHakan Sukur
58.7%
Bellmare, Perugia, Roma, Parma, Bologna (Loan), Fiorentina, Bolton (Loan)Hidetoshi Nakata
57.3%
Cruzeiro, Sao Paulo, Atletico MG (Loan), Villarreal, Barcelona, Chelsea, FluminenseJuliano Belletti
55.2%
Charleroi, Standard Liege, Marseille, Man City (Loan), Hamburg, Bayern MunichDaniel Van Buyten
51%
History Player % Correct
Julius Berger, Auxerre, Inter, Milan, Derby, Kaiserslautern, Partizan, Al Arabi, Plymouth, Julius Berger, PaykanTaribo West
48.3%
Milwaukee Rampage, Wolfsburg, Columbus Crew, Preston (Loan), Everton (Loan), Fulham, Chicago FireBrian McBride
47.6%
Dalian Wanda, Crystal Palace (Loan), Man City, Sheffield Utd, Chengdu Blades, GuizhouSun Jihai
46.9%
West Ham, Bournemouth, Ipswich, CharltonMatt Holland
45.5%
Elfsborg, Southampton, ElfsborgAnders Svensson
45.5%
Sfaxien, Ajax, Man City, Al HilalHatem Trabelsi
43.4%
Pusan, Perugia, Shimizu, Yokohama, Metz, Duisburg, Suwon, BusanAhn Jung Hwan
39.2%
PSG, Chateauroux, PSG, Metz, PSG, Gamba Osaka, Cagliari, Parma, Sunderland (Loan), Al Ittihad, Tokyo Verde, Vissel KobePatrick M'Boma
39.2%
Hertha, Bayer Leverkusen, Hamburg, Bayern Munich, Hertha, Red Bull SalzburgNiko Kovac
37.8%
Penafiel, Leca, Felgueiras, Porto, Lazio, Parma, Inter, Lazio, Porto, Standard Liege, Al Qadisha, PAOKSegio Conceicao
36.4%
Al Hilal, Wolves (Loan), Al HilalSami Al Jaber
35.7%
Atlas, Santos Laguna, Dorados, Pachua, Bolton, Al Ittihad, Cruz Azul, Monterrey, Guadalajara, Puebla, Morella, Club LeonJared Borgetti
32.2%
Newells Old Boys, Espanyol, PSG, Bordeaux, EspanyolMauricio Pochettino
31.5%
Espoli, Barcelona (ECU), El Nacional, Barcelona (ECU), Cruz Azul, Necaxa, SOuthampton, Aucas, UNAM, Barcelona (ECU), LDU Quito, Emelec, Valle De ChotaAugustin Delgado
30.8%
Zeleznicar, Olimpija, Red Star, Tottenham, Lille, Al IttihadMilenko Acimovic
25.9%
Presnya Moscow, Karella, Asmeral Moscow, CSKA Moscow, PSG, FC Moscow, Rubin Kazan, ZenitSergei Semak
14.7%

You're not logged in!

Compare scores with friends on all Sporcle quizzes.
Join for Free
OR
Log In

You Might Also Like...

Show Comments

Extras

Top Quizzes Today


Score Distribution

Your Account Isn't Verified!

In order to create a playlist on Sporcle, you need to verify the email address you used during registration. Go to your Sporcle Settings to finish the process.

Report this User

Report this user for behavior that violates our Community Guidelines.

Details: